| 000 | 00910nam a2200241Ia 4500 | ||
|---|---|---|---|
| 003 | OSt | ||
| 005 | 20220923211941.0 | ||
| 006 | a|||||r|||| 00| 0 | ||
| 007 | ta | ||
| 008 | 220922b |||||||| |||| 00| 0 hin d | ||
| 024 | _a74,797 | ||
| 037 | _cTextual | ||
| 040 |
_aARTS _cARTS _bhin |
||
| 041 |
_2hin _ahin |
||
| 082 | _aR641xK60,1, 152M0 | ||
| 100 |
_aशर्मा, सत्यप्रकाश, व्याख् _9158326 |
||
| 245 | 0 |
_aअर्थ संग्रहः _b श्री लौगाक्षिभास्कर प्रणीत |
|
| 246 | _aArtha sangrahah: shrī laugākṣhibhāskar praṇīta | ||
| 260 |
_aमेरठ _b साहित्य भण्डार _c1980 |
||
| 300 |
_a230पृ. _ccm. |
||
| 942 |
_hR641xK60,1, 152M0 _cTEXL _2CC |
||
| 999 |
_c304841 _d304841 |
||